00593nam a2200217Ia 450000500170000000800460001703700100006304000080007304000080008104000080008904100080009704100080010508400080011310000210012124500390014226000090018185600630019094200100025399900210026395200910028420260320201255.0008 262003s9999 xx 000 0 eng d aEBOOK aCRL beng cCRL 2eng aeng qCRL aKasunic91134646 0aOptomechanical Systems Engineering bIEEE uhttps://ieeexplore.ieee.org/servlet/opac?bknumber=10513466 cEBOOK c1720181d1720181 00104070aCRLbCRLd2026-03-20l0pCL2124275r2026-03-20 20:12:55w2026-03-20yEBOOK